Normal view MARC view
  • Yahya Viqar Usama Azhar Muhammad Saad Asif Nauman Abbas Ranjha

Entry Personal Name

Number of records used in: 1

001 - CONTROL NUMBER

  • control field: 70969

003 - CONTROL NUMBER IDENTIFIER

  • control field: NUST

005 - DATE AND TIME OF LATEST TRANSACTION

  • control field: 20210628204556.0

008 - FIXED-LENGTH DATA ELEMENTS

  • fixed length control field: 210628|| aca||aabn | a|a d

040 ## - CATALOGING SOURCE

  • Original cataloging agency: NUST
  • Transcribing agency: NUST

100 ## - HEADING--PERSONAL NAME

  • Personal name: Yahya Viqar Usama Azhar Muhammad Saad Asif Nauman Abbas Ranjha

670 ## - SOURCE DATA FOUND

  • Source citation: Work cat.: (NUST): Yahya Viqar Usama Azhar Muhammad Saad Asif Nauman Abbas Ranjha, PR-SOF-1584-SPEECH ENHANCER FOR PARALYTIC PATEINTS, 2017
© 2023 Central Library, National University of Sciences and Technology. All Rights Reserved.